Waluty Ameryki Północnej - Statystyki

Ogólne statystyki
  • Ten quiz został rozwiązany 110 razy
  • Średni wynik to 11 z 23
Statystyki odpowiedzi
Państwo Waluta % Poprawnych
Salwador dolar amerykański
96%
Stany zjednoczone dolar amerykański
96%
Kanada dolar kanadyjski
77%
Meksyk peso meksykańskie
72%
Kuba peso kubańskie
55%
Antigua i Barbuda dolar wschodniokaraibski
53%
Dominika dolar wschodniokaraibski
53%
Grenada dolar wschodniokaraibski
53%
Saint Kitts i Nevis dolar wschodniokaraibski
53%
Saint Lucia dolar wschodniokaraibski
53%
Saint Vincent i Grenadyny dolar wschodniokaraibski
53%
Bahamy dolar bahamski
49%
Jamajka dolar jamajski
47%
Dominikana peso dominikańskie
45%
Barbados dolar barbadoski
43%
Gwatemala quetzal
36%
Belize dolar belizeński
34%
Kostaryka colón
32%
Nikaragua córdoba
28%
Trynidad i Tobago dolar Trynidadu i Tobago
28%
Haiti gourde
28%
Honduras lempira
21%
Panama balboa,dolar amerykański
15%
Nie znaleziono quizów pasujących do podanych kryteriów
Rozkład punktacji
Procent ludzi z każdym wynikiem
Percentyl według liczby udzielonych odpowiedzi
Twoja historia wyników
Nie rozwiązałeś tego quizu